000 02853cam a2200709 i 4500
001 2355
005 20240712133808.0
020 _a9781338116649 (paperback)
020 _a1338116649 (paperback)
020 _a9780545875738
020 _a0545875730
020 _a9781743810262
020 _a1743810261
020 _a97813338116649
040 _aYDXCP
_beng
_cYDXCP
_erda
_dBTCTA
_dOCLCQ
_dDWP
_dOCLCO
_dOJ4
_dZHB
_dOCO
_dOCLCO
_dVP@
_dOQX
_dORX
_dOCLCO
_dOCLCF
_dATPTT
_dBDX
_dOCLCO
_dUAB
_dFDA
_dBPLCP
_dIHX
_dOCLCO
_dYT3
_dOCLCO
_dUUC
_dAU@
_dMQP
_dOCL
_dIGA
_dIBE
_dTXFMR
_dOCLCO
_dEHH
_dTXNPS
_dDLC
050 0 0 _aPZ7.7.K76
_bNew 2016
082 0 4 _a741.5/973
_223
100 1 _aKrosoczka, Jarrett
_eauthor
_eillustrator
245 1 2 _aA new class /
_cJarrett J. Krosoczka
246 1 4 _aStar Wars Jedi Academy.
_n[4],
_pA new class
250 _aFirst printing 2016
260 _aNew York :
_bScholastic,
_c2016
300 _a175 pages :
_billustrations
_c22 cm
490 0 _aJedi Academy
500 _aGraphic novel.
505 _aK
520 _aExcitedly embarking on his course of training at the Jedi Academy in spite of his older sister's jealousy, Victor Starspeeder struggles with Master Yoda's assignments, which include a requirement to join the drama club to channel his high energy.
521 _a570
_bLexile
521 _aK
_bRaz-Plus
650 0 _aScience fiction
_vJuvenile fiction.
650 0 _aMiddle schools
_vJuvenile fiction.
650 0 _aSchools
_vJuvenile fiction.
650 0 _aLife on other planets
_vJuvenile fiction.
650 0 _aMiddle schools
_vComic books, strips, etc.
650 0 _aSchools
_vComic books, strips, etc.
650 0 _aLife on other planets
_vComic books, strips, etc.
650 1 _aScience fiction.
650 1 _aMiddle schools
_vFiction.
650 1 _aSchools
_vFiction.
650 1 _aLife on other planets
_vFiction.
650 1 _aGraphic novels.
650 4 _aScience Fiction.
650 7 _aLife on other planets
_vJuvenile fiction.
650 7 _aSchools
_xJuvenile fiction.
650 7 _aScience fiction
_vJuvenile fiction.
650 7 _aJUVENILE FICTION / Action & Adventure.
_2bisacsh
650 7 _aJUVENILE FICTION / Comics & Graphic Novels.
_2bisacsh
650 7 _aJUVENILE FICTION / Media Tie-In.
_2bisacsh
650 7 _aMiddle schools
_vFiction.
_2sears
650 7 _aLife on other planets
_vFiction.
_2sears
655 7 _aStar wars fiction.
_2lcsh
655 7 _aGraphic novels.
_2lcsh
655 7 _aGraphic novels, Juvenile.
_2gsafd
655 7 _aGraphic novels.
_2lcgft
655 7 _aScience fiction comics.
_2lcgft
655 7 _aGraphic novels
_vJuvenile.
_2local
655 7 _aScience fiction graphic novels.
_2sears
655 7 _aSchool stories.
_2sears
655 7 _aGraphic novels.
_2sears
906 _a7
_bcbc
_ccopycat
_d2
_encip
_f20
_gy-gencatlg
942 _2ddc
_cBK
_n0
999 _c2355
_d2355